Catàleg del Col·legi de Periodistes de Catalunya

Candel : (Registre núm. 8046)

000 -CABECERA
Longitud fija campo de control 00685cam a2200229 i 4500
003 - IDENTIFICADOR DEL NÚMERO DE CONTROL
Identificador del número de control OSt
005 - FECHA Y HORA DE LA ÚLTIMA TRANSACCIÓN
Fecha y hora de la última transacción 20260112130229.0
008 - CÓDIGOS DE INFORMACIÓN DE LONGITUD FIJA
Códigos de información de longitud fija 250522e202503 spc ||| |||| 000 0bcat|c
020 ## - NÚMERO INTERNACIONAL NORMALIZADO PARA LIBROS
Número Internacional Normalizado para Libros (ISBN) 9788410161511
040 ## - FUENTE DE LA CATALOGACIÓN
Centro transcriptor CDMR
100 1# - PUNTO DE ACCESO PRINCIPAL-NOMBRE DE PERSONA
Nombre de persona Sinca, Genís,
Fechas asociadas al nombre 1970-
Término indicativo de función autor
240 10 - TÍTULO UNIFORME
Título uniforme <a href="Providència es diu Paco">Providència es diu Paco</a>
245 10 - MENCI&Oacute;N DE T&Iacute;TULO
Título Candel :
Resto del título vida de Paco Candel, la màquina d'escriure /
Mención de responsabilidad, etc. Genís Sinca
264 #1 - PRODUCCI&Oacute;N, PUBLICACI&Oacute;N , DISTRIBUCI&Oacute;N, FABRICACI&Oacute;N Y COPYRIGHT
Lugar de producción, publicación, distribución, fabricación [Barcelona] :
Nombre del productor, editor, distribuidor, fabricante Comanegra,
Fecha de de producción, publicación, distribución, fabricación o copyright 2025
300 ## - DESCRIPCI&Oacute;N F&Iacute;SICA
Extensión 356 pàgines ;
Dimensiones 21 cm
490 1# - MENCI&Oacute;N DE SERIE
Mención de serie Espores ;
Designación de volumen o secuencia 15
500 ## - NOTA GENERAL
Nota general Reedició amb un nou títol
600 17 - PUNTO DE ACCESO ADICIONAL DE MATERIA - NOMBRE DE PERSONA
Nombre de persona Candel, Francisco,
Fechas asociadas al nombre 1925-2007.
650 #0 - PUNTO DE ACCESO ADICIONAL DE MATERIA - T&Eacute;RMINO DE MATERIA
Término de materia o nombre geográfico como elemento inicial Periodistes catalans
9 (RLIN) 3139
Subdivisión de forma Biografia
830 #0 - PUNTO DE ACCESO ADICIONAL DE SERIE - T&Iacute;TULO UNIFORME
Título uniforme Espores ;
Designación de volumen o secuencia 15
942 ## - ENTRADA DE ELEMENTOS AGREGADOS (KOHA)
Koha [por defecto] tipo de item Monografies
Fons
Suprimido Perdido Estropeado No para pr&eacute;stamo Localizaci&oacute;n permanente Localizaci&oacute;n actual Fecha adquisici&oacute;n Fuente de adquisici&oacute;n Coste, precio normal de compra Pr&eacute;stamos totales Signatura completa C&oacute;digo de barras Fecha &uacute;ltima consulta Fecha del precio de reemplazo Tipo de item de Koha
        Centre de Documentació Montserrat Roig Centre de Documentació Montserrat Roig 2026-01-12 Donació 22.90   Du 1/85 CDMR26010001 2026-01-12 2026-01-12 Monografies

Implantat amb Koha